[Event "Tradewise Gibraltar Chess Festival 2013"]
[Site "Gibraltar ENG"]
[Date "2013.01.25"]
[Round "4.119"]
[White "George, Lolomari Erekosima"]
[Black "Piovar, Jaroslav"]
[Result "1-0"]
[WhiteElo "1869"]
[BlackElo "1536"]
[PlyCount "79"]
[EventDate "2013.01.22"]
[EventType "swiss"]
[EventRounds "10"]
[EventCountry "ENG"]
[Source "lmi"]
[SourceDate "2013.01.22"]

1. d4 d5 2. c4 e6 3. cxd5 exd5 4. Nc3 Nf6 5. Bg5 Be7 6. Qc2 O-O 7. e3 h6 8.
Bxf6 Bxf6 9. Bd3 Re8 10. Nge2 c6 11. O-O-O Nd7 12. Rhe1 Nf8 13. Ng3 Be6 14. Nh5
Rc8 15. Kb1 Be7 16. e4 dxe4 17. Bxe4 Bg4 18. Bf3 Bxf3 19. gxf3 Qa5 20. Re5 Qc7
21. Rg1 Ng6 22. Rxg6 fxg6 23. Qxg6 Bh4 24. Rxe8+ Rxe8 25. Qxe8+ Kh7 26. Qe4+ g6
27. Qxh4 gxh5 28. Qe4+ Kg8 29. Qg6+ Qg7 30. Qxg7+ Kxg7 31. Kc2 Kg6 32. Ne4 b5
33. b4 h4 34. Kd3 h5 35. Ke3 Kf5 36. h3 a6 37. Nd6+ Ke6 38. Nb7 Kd5 39. Na5 Kd6
40. Ke4 1-0

[Event "Tradewise Gibraltar Chess Festival 2013"]
[Site "Gibraltar ENG"]
[Date "2013.01.25"]
[Round "4.120"]
[White "Chidi, Lovinia Sylvia"]
[Black "Kazmierczak, Ewa"]
[Result "1/2-1/2"]
[WhiteElo "1820"]
[BlackElo "1512"]
[PlyCount "60"]
[EventDate "2013.01.22"]
[EventType "swiss"]
[EventRounds "10"]
[EventCountry "ENG"]
[Source "lmi"]
[SourceDate "2013.01.22"]

1. e4 e6 2. d4 d5 3. Nc3 Nf6 4. exd5 exd5 5. Nf3 Bg4 6. Be2 c6 7. O-O Bd6 8.
Bg5 Bxf3 9. Bxf3 O-O 10. g3 Nbd7 11. Ne2 Qc7 12. Rc1 Qb6 13. b3 Ne4 14. Be3 Qd8
15. c4 Ndf6 16. Nc3 Nxc3 17. Rxc3 Ne4 18. Rc2 Be7 19. Bg2 Bg5 20. cxd5 cxd5 21.
Qd3 Re8 22. Re2 Bxe3 23. Rxe3 Nf6 24. Rfe1 Rxe3 25. Qxe3 h6 26. Qd2 Qd7 27. Bf3
Rc8 28. Rc1 Re8 29. Qc3 Qf5 30. Kg2 Qd7 1/2-1/2

[Event "Tradewise Gibraltar Chess Festival 2013"]
[Site "Gibraltar ENG"]
[Date "2013.01.25"]
[Round "4.121"]
[White "Tveten, Per"]
[Black "Sevillano Leal, Julio"]
[Result "0-1"]
[WhiteElo "1597"]
[BlackElo "1807"]
[PlyCount "106"]
[EventDate "2013.01.22"]
[EventType "swiss"]
[EventRounds "10"]
[EventCountry "ENG"]
[Source "lmi"]
[SourceDate "2013.01.22"]

1. e4 e6 2. Nc3 d5 3. d4 Nf6 4. Bg5 Be7 5. e5 Nfd7 6. Bxe7 Qxe7 7. Nf3 c5 8.
Nb5 O-O 9. Nc7 cxd4 10. a3 Nxe5 11. Nxa8 Nxf3+ 12. Qxf3 Nc6 13. O-O-O b6 14.
Bb5 Bb7 15. Nxb6 axb6 16. Bxc6 Bxc6 17. Rxd4 Qc5 18. Rg4 Rc8 19. Qf6 Qf8 20.
Qd4 b5 21. h4 Bd7 22. Rg3 Rc4 23. Qd2 b4 24. b3 Re4 25. a4 Qe7 26. h5 Qf6 27.
Kb1 h6 28. Re1 Rh4 29. Rh3 Rd4 30. Rd3 Rh4 31. Rd1 Rxh5 32. Rd4 Rh2 33. f3 Qg6
34. Rg4 Qf6 35. Qxb4 e5 36. Rg3 d4 37. a5 Qf4 38. Qe1 Rh5 39. b4 Rh4 40. Rd3
Bb5 41. Ra3 Qf6 42. Qc1 Qd6 43. Rb3 d3 44. Rg4 Rxg4 45. fxg4 d2 46. Qd1 Be2 47.
Rd3 Qxb4+ 48. Rb3 Qxb3+ 49. cxb3 Bxd1 50. Kb2 Bxb3 51. Kxb3 d1=Q+ 52. Kb4 Qd8
53. Kb5 e4 0-1

[Event "Tradewise Gibraltar Chess Festival 2013"]
[Site "Gibraltar ENG"]
[Date "2013.01.26"]
[Round "5.1"]
[White "Iturrizaga, Eduardo"]
[Black "Le, Quang Liem"]
[Result "0-1"]
[WhiteElo "2650"]
[BlackElo "2705"]
[PlyCount "98"]
[EventDate "2013.01.22"]
[EventType "swiss"]
[EventRounds "10"]
[EventCountry "ENG"]
[Source "lmi"]
[SourceDate "2013.01.22"]

1. d4 d5 2. Nf3 Nf6 3. c4 c6 4. Nc3 e6 5. Bg5 h6 6. Bxf6 Qxf6 7. e3 Nd7 8. Bd3
dxc4 9. Bxc4 Bd6 10. O-O Qe7 11. e4 e5 12. d5 Nb6 13. Bb3 O-O 14. h3 Rd8 15. a3
a5 16. Qe2 a4 17. Ba2 Bc5 18. Rfd1 Rd6 19. dxc6 bxc6 20. Rxd6 Bxd6 21. Rc1 Nd7
22. Rd1 Bc7 23. Qc2 Nc5 24. Ne2 Bb6 25. Ng3 g6 26. Qc3 Bc7 27. Rc1 Ra5 28. h4
Kg7 29. h5 Bd7 30. Bc4 Nb7 31. hxg6 fxg6 32. Rd1 Be8 33. Ba2 Nd6 34. b4 axb3
35. Qxb3 Nf7 36. Rd3 Rb5 37. Qc2 Qc5 38. Rc3 Qb6 39. Bxf7 Rb2 40. Rb3 Rxc2 41.
Rxb6 Bxb6 42. Bxe8 Bxf2+ 43. Kh2 Kf6 44. Nh4 Rc3 45. Nf3 c5 46. a4 c4 47. Bb5
Rc2 48. a5 c3 49. a6 Ra2 0-1

[Event "Tradewise Gibraltar Chess Festival 2013"]
[Site "Gibraltar ENG"]
[Date "2013.01.26"]
[Round "5.2"]
[White "Vitiugov, Nikita"]
[Black "Swiercz, Dariusz"]
[Result "1-0"]
[WhiteElo "2694"]
[BlackElo "2627"]
[PlyCount "81"]
[EventDate "2013.01.22"]
[EventType "swiss"]
[EventRounds "10"]
[EventCountry "ENG"]
[Source "lmi"]
[SourceDate "2013.01.22"]

1. c4 Nf6 2. Nc3 e5 3. Nf3 Nc6 4. g3 d5 5. cxd5 Nxd5 6. Bg2 Nb6 7. O-O Be7 8.
a3 O-O 9. b4 f6 10. d3 Be6 11. Ne4 Qd7 12. Qc2 a5 13. b5 Nd4 14. Nxd4 exd4 15.
Nc5 Bxc5 16. Qxc5 Na4 17. Qc2 Qxb5 18. Rb1 Qd7 19. Bd2 Nb6 20. Rfc1 Rf7 21.
Bxb7 Ra7 22. Bc6 Qd6 23. Qc5 Qxc5 24. Rxc5 a4 25. Rb4 Nd7 26. Rc1 Ne5 27. Bxa4
Rf8 28. Rxd4 Rfa8 29. Bd1 Rxa3 30. f4 Ra2 31. Be1 Ra1 32. Rd8+ Rxd8 33. Rxa1
Nd7 34. Ra6 Nb6 35. Ba5 Ra8 36. Rxa8+ Nxa8 37. Ba4 Kf7 38. Kf2 Ke7 39. e4 Kd6
40. Bb4+ c5 41. Ba5 1-0

[Event "Tradewise Gibraltar Chess Festival 2013"]
[Site "Gibraltar ENG"]
[Date "2013.01.26"]
[Round "5.5"]
[White "Adams, Michael"]
[Black "Felgaer, Ruben"]
[Result "1/2-1/2"]
[WhiteElo "2725"]
[BlackElo "2557"]
[PlyCount "71"]
[EventDate "2013.01.22"]
[EventType "swiss"]
[EventRounds "10"]
[EventCountry "ENG"]
[Source "lmi"]
[SourceDate "2013.01.22"]

1. c4 c5 2. g3 Nc6 3. Bg2 g6 4. Nc3 Bg7 5. Nf3 e5 6. O-O Nge7 7. a3 O-O 8. Rb1
a5 9. Ne1 d6 10. Nc2 a4 11. d3 Nd4 12. Bg5 f6 13. Bd2 Nb3 14. Na1 Nxd2 15. Qxd2
f5 16. Nc2 Kh8 17. b4 axb3 18. Rxb3 Ra7 19. Rfb1 Nc6 20. Rb6 Qc7 21. Nd5 Qf7
22. e3 e4 23. f4 exf3 24. Bxf3 g5 25. Bg2 Qh5 26. Rf1 Qh6 27. d4 Ra4 28. Nc3
Rxc4 29. Bd5 cxd4 30. Bxc4 dxc3 31. Qd5 Qf6 32. Be2 Qe7 33. Rf2 Be6 34. Qb5 Bc8
35. Qd5 Be6 36. Qb5 1/2-1/2

[Event "Tradewise Gibraltar Chess Festival 2013"]
[Site "Gibraltar ENG"]
[Date "2013.01.26"]
[Round "5.6"]
[White "Ibarra Jerez, Jose Carlos"]
[Black "Navara, David"]
[Result "0-1"]
[WhiteElo "2538"]
[BlackElo "2710"]
[PlyCount "84"]
[EventDate "2013.01.22"]
[EventType "swiss"]
[EventRounds "10"]
[EventCountry "ENG"]
[Source "lmi"]
[SourceDate "2013.01.22"]

1. e4 c5 2. Nf3 e6 3. g3 d5 4. exd5 exd5 5. Bg2 Qe7+ 6. Kf1 Nf6 7. h3 Qd8 8.
Kg1 Nc6 9. Kh2 d4 10. Re1+ Be7 11. d3 O-O 12. Na3 Be6 13. Nc4 Re8 14. Bd2 Bd5
15. Nfe5 Rc8 16. Nxc6 Rxc6 17. Re5 Bxg2 18. Kxg2 Nd7 19. Re1 b5 20. Ne5 Re6 21.
Nxd7 Rxe1 22. Bxe1 Qxd7 23. Qf3 c4 24. Bd2 c3 25. bxc3 dxc3 26. Be3 b4 27. d4
Rd8 28. g4 h6 29. Qe4 Bf6 30. Rd1 Qa4 31. d5 Qxa2 32. d6 b3 33. cxb3 Qxb3 34.
Rd3 Qe6 35. Qb7 c2 36. d7 Qc4 37. Qd5 c1=Q 38. Bxc1 Qxc1 39. Re3 Qc2 40. Re8+
Kh7 41. Kf1 a5 42. f4 Bh4 0-1

[Event "Tradewise Gibraltar Chess Festival 2013"]
[Site "Gibraltar ENG"]
[Date "2013.01.26"]
[Round "5.8"]
[White "Tkachiev, Vladislav"]
[Black "Teran Alvarez, Ismael"]
[Result "1-0"]
[WhiteElo "2650"]
[BlackElo "2399"]
[PlyCount "85"]
[EventDate "2013.01.22"]
[EventType "swiss"]
[EventRounds "10"]
[EventCountry "ENG"]
[Source "lmi"]
[SourceDate "2013.01.22"]

1. d4 Nf6 2. Nf3 g6 3. c4 Bg7 4. Nc3 O-O 5. e4 d6 6. Be2 Bg4 7. Be3 Nfd7 8. O-O
c5 9. d5 Bxc3 10. bxc3 Qa5 11. Qb3 Nf6 12. Bh6 Re8 13. h3 Bxf3 14. Bxf3 Nbd7
15. Qc2 e6 16. dxe6 Rxe6 17. Rab1 Rb8 18. e5 dxe5 19. Bxb7 Rb6 20. Rxb6 Qxb6
21. Bf3 Qe6 22. Qa4 a6 23. Bd5 Qb6 24. Rd1 Nf8 25. Bf3 Ne6 26. Qc2 Qc7 27. Re1
Nf4 28. Qd2 Rd8 29. Qe3 Re8 30. Rb1 N4h5 31. Bg5 Qd6 32. Bd1 Kg7 33. Ba4 Re7
34. Re1 Kg8 35. g4 h6 36. Bxh6 Ng7 37. Bg5 Kh7 38. Rd1 Qb6 39. Qg3 Kg8 40. Qf3
Re6 41. Qa8+ Kh7 42. Rd8 Qb1+ 43. Kh2 1-0

[Event "Tradewise Gibraltar Chess Festival 2013"]
[Site "Gibraltar ENG"]
[Date "2013.01.26"]
[Round "5.11"]
[White "Wojtaszek, Radoslaw"]
[Black "Jakubiec, Artur"]
[Result "1/2-1/2"]
[WhiteElo "2723"]
[BlackElo "2518"]
[PlyCount "156"]
[EventDate "2013.01.22"]
[EventType "swiss"]
[EventRounds "10"]
[EventCountry "ENG"]
[Source "lmi"]
[SourceDate "2013.01.22"]

1. d4 g6 2. c4 Bg7 3. e4 d6 4. Nc3 Nf6 5. Nf3 O-O 6. Be2 Na6 7. O-O e5 8. Be3
h6 9. h3 exd4 10. Bxd4 Re8 11. Bd3 Nb4 12. Re1 a6 13. Qd2 c5 14. Be3 Nxd3 15.
Qxd3 b5 16. cxb5 axb5 17. e5 dxe5 18. Qxb5 e4 19. Nd2 Ra5 20. Qe2 Ba6 21. Qd1
c4 22. Ndxe4 Qxd1 23. Nxf6+ Bxf6 24. Raxd1 g5 25. Bb6 Rxe1+ 26. Rxe1 Re5 27.
Rd1 Re6 28. Bd4 Be7 29. Nd5 Bc8 30. Bc3 Kf8 31. Ne3 Ra6 32. a3 Be6 33. g4 h5
34. Kg2 hxg4 35. hxg4 Ke8 36. Kf3 Rb6 37. Ke4 Rb7 38. Nf5 Bd7 39. f3 Bc6+ 40.
Ke3 Bc5+ 41. Ke2 Be7 42. Rh1 Bd5 43. Ne3 Be6 44. Rh8+ Kd7 45. Ra8 Bc5 46. Nf5
Kc6 47. Ng7 Bd7 48. Nh5 f5 49. Nf6 fxg4 50. fxg4 Be6 51. Kf3 Be7 52. Ne4 Bd5
53. Ke3 Be6 54. Ra6+ Rb6 55. Ra7 Bd6 56. Nxg5 Bxg4 57. Nf7 Bc5+ 58. Ke4 Rb8 59.
Ne5+ Kb6 60. Rg7 Be6 61. Rg6 Re8 62. Nxc4+ Kb5 63. Ne5 Bb3 64. Rg5 Bc2+ 65. Kf3
Be7 66. Rg2 Bd1+ 67. Ke4 Ka4 68. Rd2 Rd8 69. Nd7 Bh5 70. Rd4+ Kb3 71. Nc5+ Ka2
72. Rxd8 Bxd8 73. a4 Be8 74. b4 Bxa4 75. Nxa4 Kb3 76. Kd5 Kxa4 77. Kc6 Bf6 78.
Bxf6 Kxb4 1/2-1/2

[Event "Tradewise Gibraltar Chess Festival 2013"]
[Site "Gibraltar ENG"]
[Date "2013.01.26"]
[Round "5.13"]
[White "Shirov, Alexei"]
[Black "Hoang, Thanh Trang"]
[Result "1-0"]
[WhiteElo "2708"]
[BlackElo "2469"]
[PlyCount "81"]
[EventDate "2013.01.22"]
[EventType "swiss"]
[EventRounds "10"]
[EventCountry "ENG"]
[Source "lmi"]
[SourceDate "2013.01.22"]

1. d4 d5 2. c4 c6 3. Nf3 Nf6 4. e3 Bf5 5. Nc3 e6 6. Nh4 Bg6 7. Be2 Nbd7 8. O-O
Bd6 9. g3 O-O 10. Nxg6 hxg6 11. c5 Be7 12. b4 b6 13. Bd2 a5 14. a3 e5 15. Qc2
Nh7 16. b5 exd4 17. exd4 bxc5 18. bxc6 Ndf6 19. dxc5 Qc8 20. Be3 Qxc6 21. Qa4
Qe6 22. c6 Rfc8 23. Bb5 Bd6 24. Rfe1 Qf5 25. Rad1 Ng5 26. Bxg5 Qxg5 27. Bf1 Qf5
28. Bg2 Bc5 29. Rf1 Bb6 30. Nxd5 Nxd5 31. Rxd5 Qf6 32. Rb5 Rab8 33. Qg4 Bc7 34.
Rb7 Qf5 35. Qxf5 gxf5 36. Rd1 Be5 37. Rd5 Bf6 38. Rxa5 g6 39. Rxb8 Rxb8 40. c7
Rc8 41. Ra8 1-0

[Event "Tradewise Gibraltar Chess Festival 2013"]
[Site "Gibraltar ENG"]
[Date "2013.01.26"]
[Round "5.14"]
[White "Short, Nigel D"]
[Black "Cernousek, Lukas"]
[Result "1-0"]
[WhiteElo "2690"]
[BlackElo "2453"]
[PlyCount "121"]
[EventDate "2013.01.22"]
[EventType "swiss"]
[EventRounds "10"]
[EventCountry "ENG"]
[Source "lmi"]
[SourceDate "2013.01.22"]

1. c4 Nf6 2. Nc3 d5 3. cxd5 Nxd5 4. Nf3 g6 5. h4 h6 6. d3 Bg7 7. Bd2 Nf6 8. g3
Nc6 9. Bg2 O-O 10. Qc1 Kh7 11. Rb1 e5 12. b4 Re8 13. b5 Nd4 14. Kf1 a6 15. a4
axb5 16. axb5 Bf5 17. h5 g5 18. Bxg5 Nxe2 19. Nxe2 Qxd3 20. Rb2 hxg5 21. h6 Bh8
22. Nxg5+ Kg8 23. Bxb7 Rad8 24. Kg2 e4 25. Nf4 Qd6 26. Qc4 Re7 27. Re2 e3 28.
Rxe3 Ng4 29. h7+ Kf8 30. Rxe7 Qxe7 31. Nf3 Ne5 32. Nxe5 Qxe5 33. Rh5 Rd4 34.
Qc6 Be4+ 35. Qxe4 Rxe4 36. Rxe5 Rxe5 37. Nd5 Rh5 38. Nxc7 Rxh7 39. Nd5 Bd4 40.
Bc6 Rh6 41. f4 f5 42. Kf3 Kf7 43. Ne3 Ke6 44. Bd7+ Kxd7 45. Nxf5 Rh1 46. Nxd4
Kd6 47. g4 Kc5 48. Nf5 Kd5 49. g5 Rb1 50. Kg4 Ke6 51. Nd4+ Kd5 52. Nf5 Ke6 53.
Nh6 Rb4 54. b6 Ke7 55. b7 Kf8 56. Kh5 Rxb7 57. f5 Kg7 58. f6+ Kh7 59. g6+ Kh8
60. Nf5 Rb5 61. Kg4 1-0

[Event "Tradewise Gibraltar Chess Festival 2013"]
[Site "Gibraltar ENG"]
[Date "2013.01.26"]
[Round "5.15"]
[White "Fridman, Daniel"]
[Black "Womacka, Mathias"]
[Result "1-0"]
[WhiteElo "2667"]
[BlackElo "2442"]
[PlyCount "73"]
[EventDate "2013.01.22"]
[EventType "swiss"]
[EventRounds "10"]
[EventCountry "ENG"]
[Source "lmi"]
[SourceDate "2013.01.22"]

1. d4 Nf6 2. c4 e6 3. Nc3 Bb4 4. Qc2 c5 5. dxc5 O-O 6. Nf3 Na6 7. g3 Nxc5 8.
Bg2 Nce4 9. O-O Nxc3 10. bxc3 Be7 11. e4 d6 12. e5 dxe5 13. Nxe5 Qc7 14. Qe2
Nd7 15. Bf4 Bd6 16. Rfe1 Nxe5 17. Bxe5 Bd7 18. Bxd6 Qxd6 19. Bxb7 Rab8 20. Rab1
Bc6 21. Red1 Qc7 22. Bxc6 Qxc6 23. Rxb8 Rxb8 24. Qe5 Rc8 25. Qa5 h6 26. Rd8+
Rxd8 27. Qxd8+ Kh7 28. Qd4 f5 29. c5 g5 30. h3 Kg6 31. Qd6 Qe4 32. c6 Qe1+ 33.
Kg2 Qe4+ 34. Kh2 Qe2 35. Qc5 f4 36. c7 fxg3+ 37. Kxg3 1-0

[Event "Tradewise Gibraltar Chess Festival 2013"]
[Site "Gibraltar ENG"]
[Date "2013.01.26"]
[Round "5.16"]
[White "Salgado Lopez, Ivan"]
[Black "Poetsch, Hagen"]
[Result "1-0"]
[WhiteElo "2606"]
[BlackElo "2437"]
[PlyCount "115"]
[EventDate "2013.01.22"]
[EventType "swiss"]
[EventRounds "10"]
[EventCountry "ENG"]
[Source "lmi"]
[SourceDate "2013.01.22"]

1. e4 e6 2. d4 d5 3. Nd2 c5 4. exd5 Qxd5 5. dxc5 Bxc5 6. Ngf3 Nf6 7. Bc4 Qc6 8.
Qe2 O-O 9. O-O Nbd7 10. Nb3 b6 11. Nxc5 Qxc5 12. b3 Bb7 13. Bb2 Qf5 14. Nd4 Qg6
15. f3 Nd5 16. Qd2 Rfd8 17. Bd3 Qf6 18. c4 Qf4 19. Rad1 Qxd2 20. Rxd2 Nf4 21.
Bc2 Nf6 22. Rfd1 a6 23. Kf2 Rd7 24. Ne2 Rxd2 25. Rxd2 Nxe2 26. Kxe2 Bc6 27. Rd6
Rc8 28. Bxf6 gxf6 29. Be4 Bxe4 30. fxe4 Rb8 31. Kd3 Kf8 32. Rd7 a5 33. Kc3 f5
34. exf5 exf5 35. Rd5 Re8 36. Kd2 f4 37. Rd4 f3 38. gxf3 Re6 39. Rh4 Rg6 40.
Rxh7 Rg2+ 41. Kd3 Rxa2 42. Rh6 Ke7 43. Rxb6 Rxh2 44. Rb5 Ra2 45. f4 Kd6 46. Kd4
a4 47. b4 Rd2+ 48. Kc3 Rf2 49. Rb6+ Kd7 50. Ra6 Rf3+ 51. Kd4 a3 52. Kc5 f5 53.
b5 Kc7 54. Kb4 Rxf4 55. Rxa3 Rf1 56. Kc5 f4 57. Ra7+ Kb8 58. Rf7 1-0

[Event "Tradewise Gibraltar Chess Festival 2013"]
[Site "Gibraltar ENG"]
[Date "2013.01.26"]
[Round "5.18"]
[White "Kulaots, Kaido"]
[Black "Trent, Lawrence"]
[Result "1-0"]
[WhiteElo "2587"]
[BlackElo "2429"]
[PlyCount "83"]
[EventDate "2013.01.22"]
[EventType "swiss"]
[EventRounds "10"]
[EventCountry "ENG"]
[Source "lmi"]
[SourceDate "2013.01.22"]

1. e4 e5 2. d4 exd4 3. Qxd4 Nc6 4. Qe3 Nf6 5. Nc3 Be7 6. Bc4 O-O 7. Bd2 d6 8.
O-O-O Be6 9. Bxe6 fxe6 10. f4 e5 11. Nge2 exf4 12. Nxf4 Rf7 13. h3 Ne5 14. Qe2
Qd7 15. g4 Raf8 16. g5 Ne8 17. Nd3 Qe6 18. h4 c6 19. Be3 b5 20. h5 Rf3 21. Kb1
Ng4 22. Bc1 a5 23. Rhg1 Ne5 24. Qe1 Qh3 25. Rh1 Qg3 26. Qxg3 Rxg3 27. Ne2 Rg4
28. Nd4 Nxd3 29. cxd3 c5 30. Ne6 Rf2 31. Rhf1 Rxf1 32. Rxf1 Rh4 33. h6 Rg4 34.
Bd2 b4 35. a4 gxh6 36. gxh6 Rg3 37. Bg5 Rxg5 38. Nxg5 Nf6 39. Rg1 Kf8 40. Kc2
Ke8 41. Kb3 Bf8 42. Rf1 1-0

[Event "Tradewise Gibraltar Chess Festival 2013"]
[Site "Gibraltar ENG"]
[Date "2013.01.26"]
[Round "5.19"]
[White "Dzagnidze, Nana"]
[Black "Kjartansson, Gudmundur"]
[Result "1-0"]
[WhiteElo "2555"]
[BlackElo "2408"]
[PlyCount "79"]
[EventDate "2013.01.22"]
[EventType "swiss"]
[EventRounds "10"]
[EventCountry "ENG"]
[Source "lmi"]
[SourceDate "2013.01.22"]

1. d4 Nf6 2. Nf3 b6 3. Bg5 e6 4. e3 h6 5. Bh4 Bb7 6. Nbd2 Be7 7. c3 c5 8. a4
Nc6 9. Bd3 cxd4 10. exd4 Nh5 11. Bxe7 Qxe7 12. O-O Nf4 13. Be4 O-O 14. Re1 f5
15. Bc2 Nd8 16. Nc4 Nf7 17. Ne3 Qf6 18. a5 d6 19. Ra3 g5 20. axb6 g4 21. Nd2
axb6 22. Rb3 Ra6 23. d5 Nxd5 24. Bd3 Ra7 25. Nxd5 Bxd5 26. Rxb6 Ne5 27. Bf1 Qd8
28. Rb4 Rg7 29. Rd4 f4 30. Bc4 g3 31. fxg3 fxg3 32. hxg3 Nxc4 33. Nxc4 Rxg3 34.
Rxd5 exd5 35. Qxd5+ Kh8 36. Nxd6 Rg7 37. Re6 Qh4 38. Nf5 Rg5 39. Qe5+ Kg8 40.
Nxh4 1-0

[Event "Tradewise Gibraltar Chess Festival 2013"]
[Site "Gibraltar ENG"]
[Date "2013.01.26"]
[Round "5.20"]
[White "Cramling, Pia"]
[Black "Nezad, Husein Aziz"]
[Result "1-0"]
[WhiteElo "2518"]
[BlackElo "2394"]
[PlyCount "119"]
[EventDate "2013.01.22"]
[EventType "swiss"]
[EventRounds "10"]
[EventCountry "ENG"]
[Source "lmi"]
[SourceDate "2013.01.22"]

1. d4 d5 2. Nf3 Nf6 3. c4 c6 4. Nc3 e6 5. Bg5 h6 6. Bxf6 Qxf6 7. e3 g6 8. Bd3
Bg7 9. O-O O-O 10. Qc2 Nd7 11. Rad1 Qe7 12. a3 Rd8 13. Rfe1 dxc4 14. Bxc4 Nb6
15. Ba2 Bd7 16. Ne4 Be8 17. Nc5 Rab8 18. e4 Nd7 19. Nxd7 Bxd7 20. e5 b6 21. h4
c5 22. h5 g5 23. Nh2 cxd4 24. Bb1 f5 25. exf6 Bxf6 26. Ng4 Qg7 27. Ba2 Kh8 28.
Bxe6 Be8 29. Nxf6 Qxf6 30. Bg4 Bf7 31. Rd3 Re8 32. Red1 Re4 33. f3 Re5 34. Rxd4
Rbe8 35. Rd6 Qg7 36. Qc3 Kg8 37. Rd8 R5e7 38. Qxg7+ Kxg7 39. R1d7 Re1+ 40. Kh2
Rxd8 41. Rxd8 Re7 42. Kg3 Rc7 43. Rd2 Kf6 44. Kf2 Ke7 45. Ke3 Kf6 46. Rd6+ Kg7
47. Rd2 Kf6 48. g3 Re7+ 49. Kf2 Rc7 50. f4 gxf4 51. gxf4 Rc5 52. Rd6+ Kg7 53.
f5 Be8 54. Ke3 Rc6 55. Rd8 Bf7 56. Bf3 Rc5 57. Kf4 Rc7 58. Rd6 Be8 59. f6+ Kf8
60. Rd8 1-0

[Event "Tradewise Gibraltar Chess Festival 2013"]
[Site "Gibraltar ENG"]
[Date "2013.01.26"]
[Round "5.22"]
[White "Docx, Stefan"]
[Black "Kanep, Meelis"]
[Result "0-1"]
[WhiteElo "2426"]
[BlackElo "2512"]
[PlyCount "72"]
[EventDate "2013.01.22"]
[EventType "swiss"]
[EventRounds "10"]
[EventCountry "ENG"]
[Source "lmi"]
[SourceDate "2013.01.22"]

1. d4 Nf6 2. c4 g6 3. Nc3 d5 4. Bf4 Bg7 5. e3 O-O 6. Nf3 c5 7. dxc5 Qa5 8. Rc1
Ne4 9. Be5 Bxe5 10. Nxe5 Nc6 11. Nxc6 bxc6 12. a3 Rb8 13. Qa4 Qxc5 14. b4 Nxc3
15. Rxc3 Qb6 16. c5 Qc7 17. Bd3 Qe5 18. Rc1 d4 19. O-O dxe3 20. Be2 Bf5 21.
Qxc6 exf2+ 22. Rxf2 Be4 23. Qa6 Bxg2 24. Qc4 Be4 25. Rd1 e6 26. Bf3 Qg5+ 27.
Kh1 Qe3 28. Kg2 Qg5+ 29. Kh1 Bxf3+ 30. Rxf3 Rbd8 31. Rxd8 Rxd8 32. Rd3 Rc8 33.
Rd7 Qf6 34. Qd3 h5 35. Rxa7 Rd8 36. Qe2 Rd2 0-1

[Event "Tradewise Gibraltar Chess Festival 2013"]
[Site "Gibraltar ENG"]
[Date "2013.01.26"]
[Round "5.23"]
[White "Tania, Sachdev"]
[Black "Larino Nieto, David"]
[Result "0-1"]
[WhiteElo "2403"]
[BlackElo "2497"]
[PlyCount "84"]
[EventDate "2013.01.22"]
[EventType "swiss"]
[EventRounds "10"]
[EventCountry "ENG"]
[Source "lmi"]
[SourceDate "2013.01.22"]

1. d4 d5 2. c4 e6 3. Nf3 c5 4. cxd5 exd5 5. Nc3 Nc6 6. g3 Nf6 7. Bg2 Be7 8. O-O
O-O 9. Bg5 cxd4 10. Nxd4 h6 11. Be3 Bg4 12. h3 Be6 13. Qa4 Qd7 14. Kh2 a6 15.
Nxc6 bxc6 16. Rad1 Rfb8 17. Bd4 Rb4 18. Qc2 Rab8 19. b3 Qc8 20. e3 Bf5 21. Qe2
a5 22. Rc1 Qe6 23. Rfd1 Bd6 24. Na4 Ne4 25. f4 Qe8 26. Qa6 Bd7 27. Nb6 Bf5 28.
Na4 Rc8 29. Nb6 Rd8 30. Na4 Bd7 31. Bb6 Ra8 32. Qf1 Nxg3 33. Kxg3 Rxb6 34. Nxb6
Qxe3+ 35. Kh2 Qxb6 36. Kh1 a4 37. Rd3 axb3 38. axb3 Ra2 39. Rf3 Bf5 40. Ra1 Rb2
41. Qe1 Be4 42. Rg3 Rxg2 0-1

[Event "Tradewise Gibraltar Chess Festival 2013"]
[Site "Gibraltar ENG"]
[Date "2013.01.26"]
[Round "5.25"]
[White "Hommerson, Paul"]
[Black "Paehtz, Elisabeth"]
[Result "0-1"]
[WhiteElo "2237"]
[BlackElo "2482"]
[PlyCount "72"]
[EventDate "2013.01.22"]
[EventType "swiss"]
[EventRounds "10"]
[EventCountry "ENG"]
[Source "lmi"]
[SourceDate "2013.01.22"]

1. e4 e6 2. d3 d5 3. Nd2 Nf6 4. Ngf3 b6 5. c3 c5 6. Be2 Be7 7. O-O O-O 8. Re1
Nc6 9. exd5 Qxd5 10. Ne4 Rd8 11. Qa4 Qd7 12. Nxf6+ Bxf6 13. Qg4 Ba6 14. Rd1 e5
15. Qa4 Na5 16. Qc2 Qf5 17. b4 cxb4 18. cxb4 Nb7 19. Bb2 Nd6 20. Rac1 Bb7 21.
d4 e4 22. Ne5 Bd5 23. Nc4 Bxc4 24. Bxc4 Bg5 25. Bb3 Rac8 26. Qe2 Bxc1 27. Bxc1
Nb5 28. Bb2 Nc3 29. Bxc3 Rxc3 30. Bc2 Qf4 31. g3 Qf3 32. Qxf3 exf3 33. Bb3 Rdc8
34. Kf1 Rc1 35. Ke1 Rxd1+ 36. Kxd1 Re8 0-1

[Event "Tradewise Gibraltar Chess Festival 2013"]
[Site "Gibraltar ENG"]
[Date "2013.01.26"]
[Round "5.26"]
[White "Oparin, Grigoriy"]
[Black "Lindsoe, Fredrik Aunan"]
[Result "1-0"]
[WhiteElo "2478"]
[BlackElo "2064"]
[PlyCount "51"]
[EventDate "2013.01.22"]
[EventType "swiss"]
[EventRounds "10"]
[EventCountry "ENG"]
[Source "lmi"]
[SourceDate "2013.01.22"]

1. e4 c6 2. d4 d5 3. e5 Bf5 4. Nd2 e6 5. Nb3 Nd7 6. Nf3 Ne7 7. Be2 Ng6 8. h4 h5
9. Ng5 f6 10. exf6 Nxf6 11. Bd3 Ne4 12. Qe2 Be7 13. Nxe4 dxe4 14. Bxe4 O-O 15.
Bxf5 exf5 16. Bd2 Qe8 17. O-O-O Bxh4 18. Qxh5 Be7 19. Rde1 Rf6 20. Bg5 Re6 21.
Rxe6 Bxg5+ 22. Qxg5 Qxe6 23. d5 cxd5 24. Nd4 Qe5 25. Qxg6 Qxd4 26. Qe6+ 1-0

[Event "Tradewise Gibraltar Chess Festival 2013"]
[Site "Gibraltar ENG"]
[Date "2013.01.26"]
[Round "5.27"]
[White "Aloma Vidal, Robert"]
[Black "Sutovsky, Emil"]
[Result "1-0"]
[WhiteElo "2389"]
[BlackElo "2684"]
[PlyCount "65"]
[EventDate "2013.01.22"]
[EventType "swiss"]
[EventRounds "10"]
[EventCountry "ENG"]
[Source "lmi"]
[SourceDate "2013.01.22"]

1. d4 Nf6 2. c4 e6 3. Nf3 Bb4+ 4. Nbd2 b6 5. a3 Bxd2+ 6. Qxd2 Bb7 7. b4 O-O 8.
Bb2 d6 9. e3 Nbd7 10. Bd3 Ne4 11. Qc2 f5 12. Rc1 Ng5 13. d5 Nxf3+ 14. gxf3 Ne5
15. f4 Nf3+ 16. Kd1 exd5 17. Bxf5 Rxf5 18. Qxf5 d4 19. exd4 Qe8 20. d5 Bc8 21.
Qd3 Qh5 22. Rc3 Bf5 23. Qe2 Bg4 24. h3 Ne5 25. hxg4 Qxh1+ 26. Kc2 Ng6 27. Qe6+
Kh8 28. Re3 Rf8 29. Qd7 Ne5 30. fxe5 Rxf2+ 31. Kc3 h6 32. Qe8+ Kh7 33. exd6 1-0

[Event "Tradewise Gibraltar Chess Festival 2013"]
[Site "Gibraltar ENG"]
[Date "2013.01.26"]
[Round "5.28"]
[White "Kriebel, Tadeas"]
[Black "Bartel, Mateusz"]
[Result "0-1"]
[WhiteElo "2369"]
[BlackElo "2629"]
[PlyCount "106"]
[EventDate "2013.01.22"]
[EventType "swiss"]
[EventRounds "10"]
[EventCountry "ENG"]
[Source "lmi"]
[SourceDate "2013.01.22"]

1. e4 d6 2. d4 Nf6 3. Nc3 g6 4. f4 Bg7 5. Nf3 O-O 6. Be3 b6 7. Qe2 Ba6 8. Qd2
Bb7 9. Bd3 Na6 10. O-O-O Nb4 11. e5 Nxd3+ 12. Qxd3 Ng4 13. h3 Nxe3 14. Qxe3 Qd7
15. g4 Rad8 16. Rhf1 dxe5 17. dxe5 Qc6 18. Ng5 h6 19. Nge4 Qe6 20. Rxd8 Rxd8
21. Rd1 Rxd1+ 22. Kxd1 g5 23. fxg5 hxg5 24. Qxg5 Qxe5 25. Qxe5 Bxe5 26. Ke2
Bxe4 27. Nxe4 Bxb2 28. Kf3 Kg7 29. h4 b5 30. Kf4 a5 31. g5 Bc1+ 32. Kg4 Ba3 33.
Ng3 e6 34. Nh5+ Kf8 35. Nf6 c5 36. h5 c4 37. h6 Bb2 38. Ne4 Be5 39. Nc5 Ke7 40.
Kh5 a4 41. g6 fxg6+ 42. Kxg6 a3 43. Ne4 b4 44. Nd2 b3 45. Nxb3 cxb3 46. cxb3
Bh8 47. Kh7 Bc3 48. Kg6 Ke8 49. h7 Bh8 50. b4 e5 51. Kf5 Kd7 52. Ke4 Kc6 53.
Kd3 Kb5 0-1